| 000 | 00439nam a22001577a 4500 | ||
|---|---|---|---|
| 003 | LK-CoDNM | ||
| 005 | 20240919114251.0 | ||
| 008 | 240731b |||||||| |||| 00| 0 eng d | ||
| 040 |
_aLK-CoDNM _dLK-CoDNM _eLK-CoDNM |
||
| 041 | _aeng | ||
| 080 | _bGP1957st-01 | ||
| 245 |
_aQuarterly bulletin of statistics-1957 _bVolume 1 |
||
| 260 |
_aColombo _bDepartment of census and statistics _c1957 |
||
| 300 | _bviii, 225p. ; 27 cm | ||
| 942 | _cBK | ||
| 999 |
_c146176 _d146176 |
||